Southville International School and Colleges
Your cart is empty.
  • Cart
  • Lists
    Public lists Eva Luna New books Lux_list list_1
    Your lists Log in to create your own lists
  • Log in to your account
  • Your cookies
  • Search history
Southville International School and Colleges
  • Advanced search
  • Recent comments
  • Most popular
  • Libraries

Log in to your account

Log in with GOOGLE


If you do not have an external account, but do have a local account, you can still log in:

  1. Home
  2. MARC view: Biosorption of cadmium (Cd) utilizing onion (Allium cepa) ang garlic (Allium sativum) skin
Normal view MARC view ISBD view

Biosorption of cadmium (Cd) utilizing onion (Allium cepa) ang garlic (Allium sativum) skin (Record no. 305301)

[ view plain ]
MARC details
000 -LEADER
fixed length control field 00853nam a2200217Ia 4500
005 - DATE AND TIME OF LATEST TRANSACTION
control field 20250114115719.0
008 - FIXED-LENGTH DATA ELEMENTS--GENERAL INFORMATION
fixed length control field 161205s9999 xx 000 0 und d
050 ## - LIBRARY OF CONGRESS CALL NUMBER
Classification number PHS SB 339
Item number .Uy997 2015
100 ## - MAIN ENTRY--PERSONAL NAME
Personal name Uy, Hannah Trisha Gail Q.
245 ## - TITLE STATEMENT
Title Biosorption of cadmium (Cd) utilizing onion (Allium cepa) ang garlic (Allium sativum) skin
Statement of responsibility, etc Hannah Trisha Gail Q. Uy
260 ## - PUBLICATION, DISTRIBUTION, ETC. (IMPRINT)
Place of publication, distribution, etc Las Piñas, Philippines :
Name of publisher, distributor, etc Southville International School and Colleges,
Date of publication, distribution, etc 2015.
300 ## - PHYSICAL DESCRIPTION
Extent 29 p. :
Other physical details ill. ;
Dimensions 28 cm.
504 ## - BIBLIOGRAPHY, ETC. NOTE
Bibliography, etc Includes bibliographical references.
650 ## - SUBJECT ADDED ENTRY--TOPICAL TERM
Topical term or geographic name as entry element Biosorption.
650 ## - SUBJECT ADDED ENTRY--TOPICAL TERM
Topical term or geographic name as entry element Cadmium
Form subdivision Environmental aspects.
650 ## - SUBJECT ADDED ENTRY--TOPICAL TERM
Topical term or geographic name as entry element Environmental remediation
Form subdivision Biological methods.
650 ## - SUBJECT ADDED ENTRY--TOPICAL TERM
Topical term or geographic name as entry element Plants
Form subdivision Environmental aspects.
650 ## - SUBJECT ADDED ENTRY--TOPICAL TERM
Topical term or geographic name as entry element Onion
Form subdivision Industrial applications.
650 ## - SUBJECT ADDED ENTRY--TOPICAL TERM
Topical term or geographic name as entry element Garlic
Form subdivision Industrial applications.
942 ## - ADDED ENTRY ELEMENTS (KOHA)
Koha item type PASS
Source of classification or shelving scheme Library of Congress Classification
Holdings
Withdrawn status Lost status Source of classification or shelving scheme Damaged status Home library Current library Shelving location Date acquired Source of acquisition Total Checkouts Full call number Barcode Date last seen Price effective from Koha item type
    Library of Congress Classification   Luxembourg Library Luxembourg Library Portfolio Assessment of SISC Students Section 12/04/2016 Donation   PHS SB 339 .Uy997 2015 P3535 01/24/2017 12/04/2016 PASS

Biosorption of cadmium (Cd) utilizing onion (Allium cepa) ang garlic (Allium sativum) skin

APA

Uy H. T. G. Q., . (2015). Biosorption of cadmium (Cd) utilizing onion (Allium cepa) ang garlic (Allium sativum) skin. Las Piñas, Philippines: Southville International School and Colleges.

Chicago

Uy Hannah Trisha Gail Q, . 2015. Biosorption of cadmium (Cd) utilizing onion (Allium cepa) ang garlic (Allium sativum) skin. Las Piñas, Philippines: Southville International School and Colleges.

Harvard

Uy H. T. G. Q., . (2015). Biosorption of cadmium (Cd) utilizing onion (Allium cepa) ang garlic (Allium sativum) skin. Las Piñas, Philippines: Southville International School and Colleges.

MLA

Uy Hannah Trisha Gail Q, . Biosorption of cadmium (Cd) utilizing onion (Allium cepa) ang garlic (Allium sativum) skin. Las Piñas, Philippines: Southville International School and Colleges. 2015.

  • Print
  • Cite
  • Add to your cart (remove)
  • Save record
    BIBTEX Dublin Core MARCXML MARC (non-Unicode/MARC-8) MARC (Unicode/UTF-8) MARC (Unicode/UTF-8, Standard) MODS (XML) RIS
  • More searches
    Search for this title in:
    Other Libraries (WorldCat) Other Databases (Google Scholar) Online Stores (Bookfinder.com) Open Library (openlibrary.org)

Exporting to Dublin Core...

SOUTHVILLE LIBRARY

Southville International School and Colleges Library

1281 Tropical Ave. Cor. Luxembourg St., BF Homes International, Las Pinas City

Tel. No. 8256374 / 252358 Loc. 117/146

Powered by Koha